[Event "Challenge"]
[Site "http://www.queenalice.com/game.php?id=1426499"]
[Date "2016.6.5"]
[Round "-"]
[White "modesto54"]
[Black "Omar"]
[Result "1-0"]
[WhiteElo "1844"]
[BlackElo "1888"]

1. e4 e5 2. d3 a6 3. Nd2 h6 4. Ngf3 d6 5. g3 Nc6 6. Bg2 Nf6 7. O-O Nh7 8. c3 Be7
9. d4 exd4 10. Nxd4 Nxd4 11. cxd4 O-O 12. Nc4 b5 13. Ne3 Bb7 14. Bd2 Bf6 15. Nf5
Re8 16. Qc2 Ng5 17. Rfe1 Qd7 18. d5 c6 19. h4 Nh7 20. Rac1 c5 21. Bf4 Be5 22.
Bxe5 dxe5 23. Qxc5 Rac8 24. Qd6 Qxd6 25. Nxd6 Rxc1 26. Rxc1 Rb8 27. Rc7 Ba8 28.
Nxf7 b4 29. Nxe5 Nf6 30. Nd7 Nxd7 31. Rxd7 a5 32. Bh3 Bb7 33. e5 Ba6 34. d6 Bc4
35. a3 bxa3 36. bxa3 Bd5 37. Rc7 Rb1+ 38. Bf1 Be6 39. d7 Bh3 40. d8=Q+ Kh7 41.
Qe7 Rxf1+ 42. Kh2 Kg6 43. Qf7+ Kh7 44. Qxg7# 1-0

[Event "Challenge"]
[Site "http://www.queenalice.com/game.php?id=1426501"]
[Date "2016.6.5"]
[Round "-"]
[White "sophiedurga"]
[Black "Omar"]
[Result "0-1"]
[WhiteElo "1812"]
[BlackElo "1896"]

1. d4 d5 2. Nf3 Nc6 3. Nbd2 h6 4. e4 dxe4 5. Nxe4 e6 6. Bb5 Bd7 7. O-O a6 8. Ba4
b5 9. Bb3 Bc8 10. c4 bxc4 11. Bxc4 Bb7 12. Qa4 Nf6 13. Bd3 Be7 14. Ne5 Qxd4 15.
Qxd4 Nxd4 16. Nxf6+ Bxf6 17. f4 Rd8 18. Bb1 Ne2+ 19. Kh1 Nxc1 20. Rxc1 O-O 21.
h3 Rd2 22. Rg1 Rfd8 23. Kh2 Rxb2 24. Kg3 g5 25. a3 gxf4+ 26. Kxf4 Re2 27. Nxf7
Kxf7 28. Ra2 Rxa2 29. Bxa2 Rd2 30. Bb1 Bxg2 31. h4 Bxh4 32. Be4 Bg5+ 33. Ke5
Bxe4 34. Rf1+ Bf5 35. a4 Rd5# 0-1

[Event "Challenge"]
[Site "http://www.queenalice.com/game.php?id=1430240"]
[Date "2016.7.4"]
[Round "-"]
[White "sophiedurga"]
[Black "Omar"]
[Result "1-0"]
[WhiteElo "1836"]
[BlackElo "1834"]

1. e4 e5 2. f4 exf4 3. Nf3 h6 4. Bc4 d6 5. d3 a6 6. Bxf4 Nf6 7. O-O Nc6 8. h3
Nh5 9. Bh2 Nf6 10. c3 Na5 11. Nbd2 Qe7 12. Qa4+ Nc6 13. Bd5 Bd7 14. b4 Qd8 15.
Qb3 Nxd5 16. exd5 Nb8 17. a4 Be7 18. c4 O-O 19. a5 Bf6 20. Rae1 b5 21. c5 dxc5
22. bxc5 c6 23. d6 Be6 24. Qb4 Nd7 25. Bg3 Bd5 26. Ne4 Re8 27. Nd4 Ne5 28. Re3
Nxd3 29. Rxd3 Bc4 30. Nxf6+ gxf6 31. Nxc6 Qd7 32. Ne7+ Kh7 33. Rdf3 Bxf1 34.
Rxf1 Qe6 35. c6 Qe3+ 36. Kh2 Qd3 37. Rxf6 Kg7 38. Be5 Kf8 39. Rxh6 f6 40. Bxf6
Kf7 41. Qf4 Red8 42. Be5+ Ke8 43. Rh8# 1-0

[Event "Challenge"]
[Site "http://www.queenalice.com/game.php?id=1431609"]
[Date "2016.7.14"]
[Round "-"]
[White "modesto54"]
[Black "Omar"]
[Result "1-0"]
[WhiteElo "1892"]
[BlackElo "1862"]

1. e4 e5 2. d3 a6 3. Nf3 d6 4. Nbd2 h6 5. g3 Nf6 6. Bg2 Nc6 7. O-O Be7 8. Nc4 b5
9. Ne3 Ng4 10. c3 Rb8 11. h3 Nf6 12. Nf5 Bf8 13. d4 Nxe4 14. Nxe5 Nxe5 15. Bxe4
Bb7 16. Bxb7 Rxb7 17. dxe5 g6 18. Ne3 Bg7 19. Qd5 Rb6 20. Rd1 Bxe5 21. Ng4 Qe7
22. Nxe5 O-O 23. Nxg6 Qe6 24. Qxe6 fxe6 25. Nxf8 Kxf8 26. Bxh6+ Kf7 27. Rd4 e5
28. Rg4 Ke8 29. Rg7 Kd8 30. Rd1 Kc8 31. Bg5 Kb7 32. Rd3 a5 33. h4 Rc6 34. Bd8 a4
35. Rxc7+ Rxc7 36. Bxc7 Kxc7 37. h5 Kc6 38. h6 Kc5 39. h7 e4 40. h8=Q exd3 41.
Qd4+ Kc6 42. Qe4+ Kc7 43. Qxd3 Kc6 44. g4 d5 45. b4 a3 46. g5 Kd6 47. g6 d4 48.
g7 Ke5 49. g8=Q Kf4 50. Qf8+ Ke5 51. Qxd4+ Ke6 52. Qff6# 1-0

[Event "Challenge"]
[Site "http://www.queenalice.com/game.php?id=1432661"]
[Date "2016.7.22"]
[Round "-"]
[White "zubarev"]
[Black "Omar"]
[Result "0-1"]
[WhiteElo "1866"]
[BlackElo "1865"]

1. g3 e6 2. Bg2 h6 3. Nf3 Nc6 4. O-O a6 5. d4 d5 6. Nc3 Nf6 7. Ne5 Nxe5 8. dxe5
Nd7 9. f4 Be7 10. Be3 b5 11. Qe1 Bb7 12. a3 Rb8 13. Qd2 d4 14. Bxd4 Bxg2 15.
Kxg2 Nb6 16. f5 exf5 17. Rxf5 c5 18. Be3 Nc4 19. Qxd8+ Rxd8 20. Bc1 O-O 21. b3
Nb6 22. Be3 Nd5 23. Nxd5 Rxd5 24. Bc1 Rd1 25. Bb2 Rd2 26. Rc1 Rxe2+ 27. Kh3 Rd8
28. Rff1 h5 29. Rce1 Rxc2 30. Bc1 g5 31. g4 h4 32. Rf5 Rd3+ 33. Be3 Rxb3 34. Rf3
Rxa3 35. Ref1 Rcc3 36. Re1 c4 37. Kg2 b4 38. Kf2 b3 39. Rf5 b2 40. Bd4 Rc2+ 0-1

[Event "Challenge"]
[Site "http://www.queenalice.com/game.php?id=1432677"]
[Date "2016.7.22"]
[Round "-"]
[White "Omar"]
[Black "zubarev"]
[Result "0-1"]
[WhiteElo "1881"]
[BlackElo "1796"]

1. e3 e5 2. h3 d5 3. a3 Nc6 4. Qh5 Nf6 5. Qg5 Be6 6. Bb5 Qd6 7. Nf3 O-O-O 8. Bf1
Rg8 9. Qh4 Be7 10. Be2 h6 11. Qg3 e4 12. Qxd6 Bxd6 13. d3 exf3 14. Bxf3 Ne5 15.
Be2 c5 16. Bd2 Kb8 17. b4 c4 18. dxc4 Nxc4 19. Bc3 Ne4 20. Bxc4 Nxc3 21. Nxc3
dxc4 22. O-O Be5 23. Rad1 Bxc3 24. Rb1 Rd2 25. b5 Rxc2 26. Rbc1 Rxc1 27. Rxc1
Bb2 28. Rb1 Bxa3 29. b6 a6 30. g4 Rc8 31. f4 c3 32. f5 c2 33. Ra1 Bd5 34. Kf2
c1=B 35. Rb1 Bab2 36. Kg3 Ba2 37. Rxb2 Bxb2 38. Kh4 Bc1 39. Kg3 Bxe3 40. Kh4 Bb1
41. Kg3 Bg5 42. Kf3 a5 43. Kg3 Rc3+ 44. Kg2 Be4+ 45. Kf2 Bf4 46. Ke2 Rxh3 47.
Kf2 Rh2+ 48. Kf1 Kc8 49. Kg1 Kd7 50. Kf1 Kc6 51. Ke1 Kc5 52. Kf1 Kd4 53. Kg1 Ke3
54. Kf1 Rh1# 0-1

[Event "Challenge"]
[Site "http://www.queenalice.com/game.php?id=1434282"]
[Date "2016.8.2"]
[Round "-"]
[White "MADMIKE"]
[Black "Omar"]
[Result "1-0"]
[WhiteElo "1916"]
[BlackElo "1847"]

1. d4 d5 2. Nc3 a6 3. h3 e6 4. a3 h6 5. Nf3 Nc6 6. Bf4 Nf6 7. e3 Nh5 8. Be2 Nxf4
9. exf4 Bd6 10. Qc1 Qf6 11. b4 Nxd4 12. Nd1 Bxf4 13. Qb2 Be5 14. c3 Nxf3+ 15.
Bxf3 Bxc3+ 16. Nxc3 O-O 17. O-O c6 18. a4 Bd7 19. Be2 Rfe8 20. f3 b6 21. Qc2 e5
22. a5 b5 23. Nd1 e4 24. Rb1 Qg6 25. Kh1 Bf5 26. Ne3 exf3 27. Qxf5 fxg2+ 28.
Nxg2 Qxf5 29. Rxf5 Rxe2 30. Rc1 Rc8 31. Ne1 Re4 32. Nd3 Re3 33. Nf2 d4 34. Rd1
Rd8 35. Rc5 Re2 36. Kg1 Rd6 37. Kf1 Re3 38. Kg2 g5 39. Ng4 Re2+ 40. Kf3 Rb2 41.
Ke4 Rxb4 42. Rd3 Re6+ 43. Kf5 Kg7 44. Rd1 h5 45. Ne5 Rf6+ 46. Kxg5 h4 47. Nxc6
Ra4 48. Rxd4 Rxd4 49. Nxd4 Rg6+ 50. Kxh4 Rh6+ 51. Kg4 Kg6 52. h4 Rh8 53. Rg5+
Kf6 54. Nc6 Ke6 55. Nb4 Ra8 56. h5 f6 57. Rg6 Kf7 58. Kf5 Rh8 59. Rxf6+ 1-0

[Event "Challenge"]
[Site "http://www.queenalice.com/game.php?id=1434283"]
[Date "2016.8.2"]
[Round "-"]
[White "Omar"]
[Black "MADMIKE"]
[Result "0-1"]
[WhiteElo "1896"]
[BlackElo "1992"]

1. e4 e5 2. a3 a6 3. Nf3 d6 4. h3 Nf6 5. d3 h6 6. Nc3 Be7 7. Be2 Nc6 8. Nh4 Nd4
9. Be3 Nd7 10. Bxd4 exd4 11. Ng6 fxg6 12. Nd5 O-O 13. O-O Ne5 14. Qd2 g5 15. Qb4
Nc6 16. Qc4 Ne5 17. Qxd4 c5 18. Qa4 b5 19. Qb3 Be6 20. Qc3 Bf6 21. Nxf6+ Qxf6
22. Qd2 g4 23. Bxg4 Bxg4 24. hxg4 Nxg4 25. f3 Ne5 26. Rf2 c4 27. d4 Nd7 28. e5
dxe5 29. dxe5 Nxe5 30. Rb1 Ng6 31. c3 Nf4 32. Rff1 Qg6 33. g4 h5 34. Kh1 hxg4
35. Rg1 g3 36. Rbf1 Qh5+ 37. Qh2 Qxh2# 0-1

[Event "OS INCLIVEIS"]
[Site "http://www.queenalice.com/game.php?id=1435716"]
[Date "2016.8.11"]
[Round "-"]
[White "adelio"]
[Black "Omar"]
[Result "0-1"]
[WhiteElo "1669"]
[BlackElo "1778"]

1. d4 e6 2. c4 d5 3. a3 dxc4 4. e4 b5 5. Nc3 a6 6. Be2 Bb7 7. Nf3 h6 8. h4 Nf6
9. Ne5 Nxe4 10. Nxf7 Kxf7 11. Bh5+ Ke7 12. Qf3 Nf6 13. Qxb7 Nbd7 14. Be3 Nxh5
15. g4 Nhf6 16. g5 Ne8 17. Qg2 Nb6 18. O-O-O Nd6 19. Rhe1 Kd7 20. d5 e5 21. Bxb6
cxb6 22. Rxe5 Be7 23. Qg4+ Kc7 24. Qe6 Re8 25. Qg6 Bf8 26. Rde1 Rxe5 27. Rxe5
Qd7 28. Qh7 Qg4 29. gxh6 Qf4+ 30. Re3 Qxh6 31. Qc2 Qxh4 32. a4 g5 33. Rf3 Qh1+
34. Qd1 Qxd1+ 35. Kxd1 Bg7 36. Nxb5+ axb5 37. axb5 Rf8 38. Rg3 Ne4 39. Ra3 Nxf2+
40. Kc2 Kd6 41. Ra6 Kc5 42. d6 Rd8 43. Ra7 Bd4 44. b4+ Kxb4 45. Rh7 Rxd6 46. Rh5
g4 47. Rf5 g3 48. Rg5 Ne4 49. Rg4 Re6 50. Rg8 Kxb5 51. Kd1 c3 52. Kc2 Kc4 53.
Rg4 b5 54. Rg8 b4 55. Rc8+ Bc5 56. Rg8 b3+ 57. Kd1 c2+ 58. Ke2 c1=Q 59. Kf3 Qe3+
60. Kg4 g2 61. Kf5 Nf6 62. Rxg2 Qe4+ 63. Kg5 Nh7+ 64. Kh5 Qxg2 65. Kh4 Rh6# 0-1

[Event "OS INCLIVES"]
[Site "http://www.queenalice.com/game.php?id=1435717"]
[Date "2016.8.11"]
[Round "-"]
[White "adelio"]
[Black "Omar"]
[Result "0-1"]
[WhiteElo "1724"]
[BlackElo "1777"]

1. d4 e6 2. c4 d5 3. a3 dxc4 4. e4 b5 5. Nc3 a6 6. Be2 Bb7 7. Nf3 h6 8. Ne5 Nd7
9. Nxf7 Kxf7 10. Bh5+ Ke7 11. O-O Ngf6 12. Bg6 Nb6 13. f4 Kd7 14. f5 Qe7 15.
fxe6+ Kd8 16. e5 Nfd5 17. Qg4 Kc8 18. Rf7 h5 19. Bxh5 Nf6 20. Rxe7 Bxe7 21. exf6
gxf6 22. Qf5 Bc6 23. Bf4 Kb7 24. Rd1 Rad8 25. Bf3 Bxf3 26. gxf3 Rhg8+ 27. Bg3
Rg5 28. Qe4+ Kb8 29. Qc6 Rd6 30. Qe8+ Nc8 31. d5 Rd8 32. Qc6 Rd6 33. Qe8 Rd8 34.
Qc6 Rd6 35. Kf2 Rxc6 36. dxc6 Bd6 37. Ne4 Rg6 38. Nxd6 cxd6 39. Bxd6+ Nxd6 40.
Rxd6 f5 41. f4 Kc7 42. Rd5 Kxc6 43. Rxf5 Rxe6 44. h4 Kb6 45. h5 Rd6 46. Re5 Rf6
47. Ke3 Ka5 48. Rg5 Ka4 49. Rg6 Rf5 50. Rxa6+ Kb3 51. h6 Kxb2 52. Ke4 Rc5 53. h7
Rc8 54. f5 c3 55. a4 c2 56. h8=Q+ Rxh8 57. Rc6 b4 58. f6 c1=Q 59. Rxc1 Kxc1 60.
Ke5 b3 61. Ke6 b2 62. f7 b1=Q 63. Ke7 Qb4+ 64. Kf6 Rf8 65. Kg7 Qe7 66. a5 Qxf7+
67. Kh6 Qg8 68. a6 Rf3 69. a7 Rh3# 0-1

[Event "Challenge"]
[Site "http://www.queenalice.com/game.php?id=1437025"]
[Date "2016.8.20"]
[Round "-"]
[White "santanacampos"]
[Black "Omar"]
[Result "1-0"]
[WhiteElo "1856"]
[BlackElo "1758"]

1. Nf3 a6 2. Nc3 e6 3. e4 h6 4. d4 Be7 5. Bd3 Nc6 6. e5 d6 7. O-O dxe5 8. Nxe5
Nxd4 9. Nxf7 Kxf7 10. Qg4 Bf6 11. Be3 e5 12. Bc4+ Kf8 13. Qg6 Be6 14. Bxd4 Bxc4
15. Bc5+ Ne7 16. Rfd1 Qe8 17. Qe4 b5 18. a4 Kg8 19. axb5 axb5 20. Rxa8 Qxa8 21.
Qxa8+ Kh7 22. Qe4+ Ng6 23. b3 Bf7 24. Nxb5 Rc8 25. Qg4 Ra8 26. Nxc7 Ra2 27. c4
Nf4 28. Qd7 Bg6 29. Ne6 Bf5 30. Ng5+ Bxg5 31. Qxf5+ Ng6 32. g3 Rb2 33. Rb1 Ra2
34. b4 Ra4 35. Bd6 Bf6 36. c5 Ra6 37. b5 Ra4 38. b6 e4 39. b7 Bd4 40. b8=Q e3
41. fxe3 Bxe3+ 42. Kf1 Ra2 43. Qxg6+ 1-0

[Event "I match - 1/35"]
[Site "http://www.queenalice.com/game.php?id=1439369"]
[Date "2016.9.3"]
[Round "-"]
[White "zubarev"]
[Black "Omar"]
[Result "1-0"]
[WhiteElo "1921"]
[BlackElo "1803"]

1. e4 e5 2. Nf3 Nc6 3. Nc3 a6 4. d3 h6 5. Be2 Nf6 6. O-O d6 7. Nd5 Be6 8. c4 Nd4
9. Nxd4 exd4 10. f4 Nxd5 11. exd5 Bf5 12. Re1 Be7 13. Bf3 O-O 14. Be4 Bxe4 15.
dxe4 Re8 16. Qxd4 Bf6 17. Qd2 Qd7 18. Rb1 Qa4 19. b3 Qd7 20. Bb2 Bxb2 21. Qxb2
Qg4 22. Qf2 Re7 23. Re3 Rae8 24. Rg3 Qh5 25. Qd4 g6 26. Re1 Qh4 27. Qd2 Rxe4 28.
Rxe4 Rxe4 29. Qf2 Rxf4 30. Qe3 Re4 31. Qf2 Qh5 32. h3 Qd1+ 33. Kh2 Re1 34. Rf3
Re2 35. Qa7 Rxa2 36. Re3 Qd2 37. Rg3 Qf4 38. Qxb7 Rc2 39. Qc8+ Kg7 40. Qg4 1-0

[Event "Challenge"]
[Site "http://www.queenalice.com/game.php?id=1442847"]
[Date "2016.9.26"]
[Round "-"]
[White "sophiedurga"]
[Black "Omar"]
[Result "1-0"]
[WhiteElo "1867"]
[BlackElo "1790"]

1. d4 d5 2. Nf3 Nc6 3. Ne5 Nxe5 4. dxe5 e6 5. Qd4 a6 6. b4 Ne7 7. a3 Nf5 8. Qd2
d4 9. Bb2 Qd5 10. c3 Qxe5 11. cxd4 Qd5 12. f3 b5 13. e4 Qd7 14. Be2 Ne7 15. O-O
Bb7 16. Nc3 h6 17. a4 bxa4 18. Nxa4 Bc6 19. Nc5 Qc8 20. Nxa6 Bb7 21. Nc5 Bc6 22.
b5 Rxa1 23. Rxa1 Ba8 24. Qa5 Ng6 25. Qxa8 Qxa8 26. Rxa8+ Ke7 27. Ra7 Kd6 28. Ba3
Ke7 29. Rxc7+ Kd8 30. Rxf7 Rg8 31. b6 Kc8 32. Ba6+ Kd8 33. Nxe6+ Ke8 34. Rxf8+
Nxf8 35. Nxf8 Kd8 36. b7 Kc7 37. Bd6+ Kxd6 38. b8=Q+ Kc6 39. d5+ Kc5 40. Ne6#
1-0

[Event "OS INCLIVES"]
[Site "http://www.queenalice.com/game.php?id=1444878"]
[Date "2016.10.9"]
[Round "-"]
[White "adelio"]
[Black "Omar"]
[Result "1-0"]
[WhiteElo "1621"]
[BlackElo "1746"]

1. c4 e6 2. d4 d5 3. Nc3 Nf6 4. Bd2 dxc4 5. e4 Qxd4 6. Nf3 Qc5 7. Ng5 Qe7 8.
Bxc4 h6 9. e5 Nfd7 10. h4 hxg5 11. Bxg5 f6 12. exf6 gxf6 13. Qe2 Nc5 14. Be3 a6
15. h5 Bd7 16. g4 Nc6 17. g5 fxg5 18. h6 Rxh6 19. Rxh6 Bxh6 20. Qh5+ Qf7 21.
Qxh6 O-O-O 22. Bxc5 Qf4 23. Bxe6 Re8 24. Be3 Rxe6 25. Qxe6 Bxe6 26. Bxf4 gxf4
27. O-O-O Nb4 28. b3 Bf5 29. Rd4 Nd3+ 30. Kd2 f3 31. Ne4 Nf4 32. Rc4 Kb8 33. a4
b6 34. b4 Kb7 35. a5 b5 36. Nc5+ Ka7 37. Rxf4 Bg6 38. Rxf3 c6 39. Rg3 Bf5 40. f4
Bb1 41. Rg7+ Ka8 42. Nxa6 Be4 43. Nc5 Bd5 44. a6 Bf3 45. Ke3 Bd5 46. f5 Kb8 47.
Rb7+ Kc8 48. a7 Bg2 49. a8=Q# 1-0

[Event "Challenge"]
[Site "http://www.queenalice.com/game.php?id=1452645"]
[Date "2016.11.30"]
[Round "-"]
[White "zubarev"]
[Black "Omar"]
[Result "1-0"]
[WhiteElo "1778"]
[BlackElo "1774"]

1. d4 d5 2. Nf3 Nc6 3. Nc3 h6 4. e3 Nf6 5. Bd3 a6 6. O-O e6 7. Ne5 Nxe5 8. dxe5
Nd7 9. f4 Nc5 10. Be2 Be7 11. Bd2 O-O 12. Bf3 c6 13. Ne2 b5 14. Nd4 Qd7 15. Bg4
Ne4 16. Qe1 1-0

[Event "Challenge"]
[Site "http://www.queenalice.com/game.php?id=1452646"]
[Date "2016.11.30"]
[Round "-"]
[White "Omar"]
[Black "zubarev"]
[Result "0-1"]
[WhiteElo "1791"]
[BlackElo "1761"]

1. e3 e5 2. Nc3 d5 3. Nf3 Bg4 4. h3 Bxf3 5. gxf3 Nc6 6. Bg2 Nf6 7. a3 Bd6 8. d3
O-O 9. d4 Re8 10. e4 Nxd4 11. exd5 c6 12. dxc6 bxc6 13. O-O Nf5 14. f4 exf4 15.
Bxc6 Re7 0-1

[Event "Challenge"]
[Site "http://www.queenalice.com/game.php?id=1455972"]
[Date "2016.12.22"]
[Round "-"]
[White "sophiedurga"]
[Black "Omar"]
[Result "1-0"]
[WhiteElo "1914"]
[BlackElo "1690"]

1. e4 e5 2. f4 exf4 3. Nf3 d6 4. Bc4 h6 5. O-O Be7 6. d4 Nf6 7. Nc3 a6 8. Bxf4
O-O 9. e5 dxe5 10. Bxe5 Ng4 11. Qd2 Nc6 12. Rad1 Ncxe5 13. Nxe5 Be6 14. Bxe6
fxe6 15. Nxg4 Bg5 16. Qe2 Rxf1+ 17. Qxf1 Qe7 18. a3 Rf8 19. Qd3 Qd6 20. Ne4 Qd5
21. c4 Qa5 22. b4 Qf5 23. Ne5 Rd8 24. Nf3 Qf4 25. Nfxg5 hxg5 26. Rf1 Qh4 27. g3
Qh5 28. Qe3 e5 29. d5 Qg4 30. Kg2 b5 31. Qd3 Qd7 32. Nxg5 g6 33. Qxg6+ Qg7 34.
Qxg7+ Kxg7 35. Ne6+ Kh6 36. Nxd8 Kg6 37. g4 bxc4 38. Nb7 Kg5 39. Kg3 e4 40. Rf5+
Kg6 41. d6 cxd6 42. Nxd6 c3 43. Nxe4 c2 44. Rc5 Kf7 45. Rxc2 Ke7 46. Rc6 Kd7 47.
Rxa6 Kc7 48. b5 Kb7 49. Nc5+ Kc7 50. b6+ Kc6 51. b7+ Kc7 52. g5 Kb8 53. Ra8+ Kc7
54. b8=Q+ Kc6 55. Qe5 Kb5 56. Ra4 Kc6 57. Ne6 Kd7 58. Ra6 Ke7 59. Nc5+ Kf7 60.
Qf6+ Kg8 61. Ne6 1-0